书目信息 |
| 题名: |
尤金·奥尼尔戏剧研究论文集
|
|
| 作者: | 廖可兑 主编 | |
| 分册: | ||
| 出版信息: | 北京 外语教学与研究出版社 1997 |
|
| 页数: | 300页 | |
| 开本: | 20cm | |
| 丛书名: | ||
| 单 册: | ||
| 中图分类: | I712.073 | |
| 科图分类: | ||
| 主题词: | 戏剧文学-奥尼尔,E.-文学研究--文集 , 文学研究-戏剧文学-奥尼尔,E.--文集 | |
| 电子资源: | ||
| ISBN: | 7-5600-1190-X | |
| 000 | 00819nam0 2200253 45 | |
| 001 | 0197036188 | |
| 005 | 20040412163601.9 | |
| 010 | @a7-5600-1190-X@b精装@dCNY25.00 | |
| 100 | @a19971028d1997 kemy0chiy0121 ea | |
| 101 | 0 | @achi@eeng |
| 102 | @aCN@b110000 | |
| 105 | @ay z 000yy | |
| 106 | @ar | |
| 200 | 10 | @a尤金·奥尼尔戏剧研究论文集@Ayou jin · ao ni er xi ju yan jiu lun wen ji@f廖可兑主编 |
| 210 | @a北京@c外语教学与研究出版社@d1997 | |
| 215 | @a300页@d20cm | |
| 510 | 1 | @aEugene O'Neill a collection of critical essays@zeng |
| 600 | 1 | @a奥尼尔@bE.-戏剧文学-文学研究@x文集 |
| 606 | @a戏剧文学-奥尼尔,E.-文学研究@x文集 | |
| 606 | @a文学研究-戏剧文学-奥尼尔,E.@x文集 | |
| 690 | @aI712.073@v3 | |
| 701 | 0 | @a廖可兑@Aliao ke dui@4主编 |
| 801 | 0 | @aCN@bNLC@c19971112 |
| 905 | @f1@b286281@dI712.073@e305 | |
| 尤金·奥尼尔戏剧研究论文集/廖可兑主编.-北京:外语教学与研究出版社,1997 |
| 300页;20cm |
| ISBN 7-5600-1190-X(精装):CNY25.00 |
| ● |
| 相关链接 |
|
|
|
|
正题名:尤金·奥尼尔戏剧研究论文集
索取号:I712.073/305
 
预约/预借
| 序号 | 登录号 | 条形码 | 馆藏地/架位号 | 状态 | 备注 |
| 1 | 0286281 | 002862815 | 第二借阅区/ [索取号:I712.073/305] | 在馆 | |
| 2 | 0286282 | 002862824 | 第一样本阅览室/ [索取号:I712.073/305] | 在馆 |